<?xml version="1.0" encoding="UTF-8"?>
<record
    xmlns:xsi="http://www.w3.org/2001/XMLSchema-instance"
    xsi:schemaLocation="http://www.loc.gov/MARC21/slim http://www.loc.gov/standards/marcxml/schema/MARC21slim.xsd"
    xmlns="http://www.loc.gov/MARC21/slim">

  <leader>00718nam a2200217Ia 4500</leader>
  <controlfield tag="005">20220919103255.0</controlfield>
  <controlfield tag="008">210716s2002    xx            000 0 und d</controlfield>
  <datafield tag="020" ind1=" " ind2=" ">
    <subfield code="a">8178086484</subfield>
  </datafield>
  <datafield tag="040" ind1=" " ind2=" ">
    <subfield code="c">AIMIT LIBRARY</subfield>
  </datafield>
  <datafield tag="041" ind1=" " ind2=" ">
    <subfield code="a">eng</subfield>
  </datafield>
  <datafield tag="082" ind1=" " ind2=" ">
    <subfield code="a">621.38212  </subfield>
    <subfield code="2">2</subfield>
    <subfield code="b">RAPT</subfield>
  </datafield>
  <datafield tag="100" ind1=" " ind2=" ">
    <subfield code="a">Rappaport, Theodore S.</subfield>
    <subfield code="9">57871</subfield>
  </datafield>
  <datafield tag="245" ind1=" " ind2=" ">
    <subfield code="a">Wireless communication : </subfield>
    <subfield code="b">principles and practice /</subfield>
    <subfield code="c">By Theodore S Rappaport.</subfield>
  </datafield>
  <datafield tag="250" ind1=" " ind2=" ">
    <subfield code="a">2nd ed.</subfield>
  </datafield>
  <datafield tag="260" ind1=" " ind2=" ">
    <subfield code="a">New Delhi :</subfield>
    <subfield code="b">Pearson Education ,</subfield>
    <subfield code="c">2002.</subfield>
  </datafield>
  <datafield tag="300" ind1=" " ind2=" ">
    <subfield code="a">xxiii, 707p. ;</subfield>
    <subfield code="c">24 cm.</subfield>
  </datafield>
  <datafield tag="650" ind1=" " ind2=" ">
    <subfield code="a">Modern wireless communication systems</subfield>
    <subfield code="9">57872</subfield>
  </datafield>
  <datafield tag="650" ind1=" " ind2=" ">
    <subfield code="a">Modulation techniques for mobile radio</subfield>
    <subfield code="9">57873</subfield>
  </datafield>
  <datafield tag="650" ind1=" " ind2=" ">
    <subfield code="a">Speech coding</subfield>
    <subfield code="9">57874</subfield>
  </datafield>
  <datafield tag="942" ind1=" " ind2=" ">
    <subfield code="2">ddc</subfield>
    <subfield code="c">BK</subfield>
    <subfield code="e">2nd</subfield>
    <subfield code="k">621.38212 RAPT</subfield>
  </datafield>
  <datafield tag="999" ind1=" " ind2=" ">
    <subfield code="c">184962</subfield>
    <subfield code="d">184962</subfield>
  </datafield>
  <datafield tag="952" ind1=" " ind2=" ">
    <subfield code="0">0</subfield>
    <subfield code="1">0</subfield>
    <subfield code="4">0</subfield>
    <subfield code="7">0</subfield>
    <subfield code="8">MCA</subfield>
    <subfield code="a">AIMIT</subfield>
    <subfield code="b">AIMIT</subfield>
    <subfield code="d">2021-07-16</subfield>
    <subfield code="l">0</subfield>
    <subfield code="o">621.38212  RAPT</subfield>
    <subfield code="p">MCA04470</subfield>
    <subfield code="r">2025-07-21 00:00:00</subfield>
    <subfield code="w">2021-07-16</subfield>
    <subfield code="y">BK</subfield>
  </datafield>
  <datafield tag="952" ind1=" " ind2=" ">
    <subfield code="0">0</subfield>
    <subfield code="1">0</subfield>
    <subfield code="2">ddc</subfield>
    <subfield code="4">0</subfield>
    <subfield code="7">3</subfield>
    <subfield code="8">MCA</subfield>
    <subfield code="a">AIMIT</subfield>
    <subfield code="b">AIMIT</subfield>
    <subfield code="d">2021-07-16</subfield>
    <subfield code="g">325.00</subfield>
    <subfield code="l">0</subfield>
    <subfield code="o">621.38212  RAPT</subfield>
    <subfield code="p">MCA04471</subfield>
    <subfield code="r">2025-07-21 00:00:00</subfield>
    <subfield code="v">325.00</subfield>
    <subfield code="w">2021-07-16</subfield>
    <subfield code="y">BK</subfield>
  </datafield>
  <datafield tag="952" ind1=" " ind2=" ">
    <subfield code="0">0</subfield>
    <subfield code="1">0</subfield>
    <subfield code="2">ddc</subfield>
    <subfield code="4">0</subfield>
    <subfield code="7">0</subfield>
    <subfield code="8">MCA</subfield>
    <subfield code="a">AIMIT</subfield>
    <subfield code="b">AIMIT</subfield>
    <subfield code="e">Book Palace</subfield>
    <subfield code="g">195.00</subfield>
    <subfield code="i">Bill no:2716; Bill dt:2004-04-24</subfield>
    <subfield code="l">0</subfield>
    <subfield code="o">621.38212  RAPT</subfield>
    <subfield code="p">MCA05847</subfield>
    <subfield code="r">2025-07-21 00:00:00</subfield>
    <subfield code="v">156.00</subfield>
    <subfield code="w">2021-07-16</subfield>
    <subfield code="y">BK</subfield>
  </datafield>
  <datafield tag="952" ind1=" " ind2=" ">
    <subfield code="0">0</subfield>
    <subfield code="1">0</subfield>
    <subfield code="2">ddc</subfield>
    <subfield code="4">0</subfield>
    <subfield code="7">0</subfield>
    <subfield code="8">MCA</subfield>
    <subfield code="a">AIMIT</subfield>
    <subfield code="b">AIMIT</subfield>
    <subfield code="e">New Book House</subfield>
    <subfield code="g">195.00</subfield>
    <subfield code="i">Bill no:122; Bill dt:2004-08-02</subfield>
    <subfield code="l">0</subfield>
    <subfield code="o">621.38212 RAPT</subfield>
    <subfield code="p">MCA06294</subfield>
    <subfield code="r">2025-07-21 00:00:00</subfield>
    <subfield code="v">156.00</subfield>
    <subfield code="w">2021-07-16</subfield>
    <subfield code="y">BK</subfield>
  </datafield>
  <datafield tag="952" ind1=" " ind2=" ">
    <subfield code="0">0</subfield>
    <subfield code="1">0</subfield>
    <subfield code="2">ddc</subfield>
    <subfield code="4">0</subfield>
    <subfield code="7">0</subfield>
    <subfield code="8">MCA</subfield>
    <subfield code="a">AIMIT</subfield>
    <subfield code="b">AIMIT</subfield>
    <subfield code="e">New Book House</subfield>
    <subfield code="g">195.00</subfield>
    <subfield code="i">Bill no:136; Bill dt:2004-09-04</subfield>
    <subfield code="l">0</subfield>
    <subfield code="o">621.38212  RAPT</subfield>
    <subfield code="p">MCA06296</subfield>
    <subfield code="r">2025-07-21 00:00:00</subfield>
    <subfield code="v">156.00</subfield>
    <subfield code="w">2021-07-16</subfield>
    <subfield code="y">BK</subfield>
  </datafield>
  <datafield tag="952" ind1=" " ind2=" ">
    <subfield code="0">0</subfield>
    <subfield code="1">0</subfield>
    <subfield code="2">ddc</subfield>
    <subfield code="4">0</subfield>
    <subfield code="7">0</subfield>
    <subfield code="8">MCA</subfield>
    <subfield code="a">AIMIT</subfield>
    <subfield code="b">AIMIT</subfield>
    <subfield code="e">New Book House</subfield>
    <subfield code="g">195.00</subfield>
    <subfield code="i">Bill no:136; Bill dt:2004-09-04</subfield>
    <subfield code="l">0</subfield>
    <subfield code="o">621.38212 RAPT</subfield>
    <subfield code="p">MCA06297</subfield>
    <subfield code="r">2025-07-21 00:00:00</subfield>
    <subfield code="v">156.00</subfield>
    <subfield code="w">2021-07-16</subfield>
    <subfield code="y">BK</subfield>
  </datafield>
  <datafield tag="952" ind1=" " ind2=" ">
    <subfield code="0">0</subfield>
    <subfield code="1">0</subfield>
    <subfield code="2">ddc</subfield>
    <subfield code="4">0</subfield>
    <subfield code="7">0</subfield>
    <subfield code="8">MCA</subfield>
    <subfield code="a">AIMIT</subfield>
    <subfield code="b">AIMIT</subfield>
    <subfield code="e">New Book House</subfield>
    <subfield code="g">195.00</subfield>
    <subfield code="i">Bill no:136; Bill dt:2004-09-04</subfield>
    <subfield code="l">0</subfield>
    <subfield code="o">621.38212 RAPT</subfield>
    <subfield code="p">MCA06298</subfield>
    <subfield code="r">2025-07-21 00:00:00</subfield>
    <subfield code="v">156.00</subfield>
    <subfield code="w">2021-07-16</subfield>
    <subfield code="y">BK</subfield>
  </datafield>
  <datafield tag="952" ind1=" " ind2=" ">
    <subfield code="0">0</subfield>
    <subfield code="1">0</subfield>
    <subfield code="2">ddc</subfield>
    <subfield code="4">0</subfield>
    <subfield code="7">0</subfield>
    <subfield code="8">MCA</subfield>
    <subfield code="a">AIMIT</subfield>
    <subfield code="b">AIMIT</subfield>
    <subfield code="e">New Book House</subfield>
    <subfield code="g">195.00</subfield>
    <subfield code="i">Bill no:136; Bill dt:2004-09-04</subfield>
    <subfield code="l">0</subfield>
    <subfield code="o">621.38212 RAPT</subfield>
    <subfield code="p">MCA06299</subfield>
    <subfield code="r">2025-07-21 00:00:00</subfield>
    <subfield code="v">156.00</subfield>
    <subfield code="w">2021-07-16</subfield>
    <subfield code="y">BK</subfield>
  </datafield>
</record>
